Pokémon used by Team Magma and Team Aqua Admins and Bosses - Statistics

General Stats
  • This quiz has been taken 132 times
    125 since last reset
  • The average score is 24 of 29
Answer Stats
Hint Answer % Correct
Courtney, R Mightyena
93%
Shelly, S Mightyena
93%
Matt, S Mightyena
93%
Maxie, R Mightyena
93%
Archie, S Mightyena
93%
Courtney, R Numel
93%
Tabitha, R Numel
93%
Courtney, R Camerupt
92%
Tabitha, R Camerupt
92%
Maxie, R Camerupt
92%
Tabitha, R Poochyena
89%
Matt, S Poochyena
89%
Shelly, S Sharpedo
89%
Matt, S Sharpedo
89%
Archie, S Sharpedo
89%
Shelly, S Carvanha
84%
Matt, S Carvanha
84%
Archie, USUM Kyogre
79%
Tabitha, E Golbat
76%
Matt, E Golbat
76%
Maxie, R Golbat
76%
Archie, S Golbat
76%
Maxie, USUM Groudon
76%
Maxie, R Crobat
70%
Archie, S Crobat
70%
Tabitha, E Zubat
70%
Maxie, OR Zubat
70%
Archie, AS Muk
40%
Maxie, OR Weezing
39%
No matching quizzes found
Score Distribution
Percent of People with Each Score
Percentile by Number Answered
Your Score History
You have not taken this quiz since the last reset